000
00319nam a2200121Ia 4500
005
20251222141820.0
008
251222s9999||||xx |||||||||||||| ||spa||
020
_a
978-612-4038-64-8
082
_a
343.052/G12
245
0
_a
Aplicación Práctica del Impuesto a la Renta:
264
_b
Contadores y Empresas
942
_c
LIB
999
_c
6764
_d
6764